01278nam a2200229Ia 4500999001700000001000600017003000700023005001700030008004100047040001100088041000800099080002000107245018500127264006700312300002700379653010900406653007900515653020100594653011500795942001200910952012600922 c50854d5085417809GE_BSU20200224153509.0181216s1957 xx |||||||||||||| ||eng|| cGE_BSU aeng a353.03(73) P-97 aPublic papers of the presidents of the United States Dwight D. Eisenhower.bContaining the Public Message, Speeches, and Statements of the President. January 1 to december 31, 1957 aWashington :bUnited States government printing office,c1957. a939 p.:bill ;c26 cm. aContaining the Public Message, Speeches, and Statements of the President. January 1 to december 31, 1957 aPublic papers of the presidents of the United States Jimmy Carter 1980-81. aშეერთებული შტატების პრეზიდენტების დუაიტ დ ეიზენჰაუერის საჯარო ფურცლები aსახელმწიფო ადმინისტრაციული მმართველობა cBK2udc 00102udc4063530373_P9770969579aCPLbCPLcGENd2018-12-17o353.03(73) P-97p45687r2018-12-17t45687w2018-12-17yBK